000 00513nam a2200181Ia 4500
008 090123s9999 xx 000 0 und d
082 _b40147
100 _aठाकुर योगेंद्र
245 _aमहाजन
250 _a1
260 _bआमोद प्रकाशन
_c2006
300 _a122
600 _aठाकुर योगेंद्र
630 _aमहाजन
700 _aठाकुर योगेंद्र
730 _aमहाजन
942 _cBOOK
999 _c78221
_d78221